000 00657nam a2200217Ii 4500
001 2603
003 CO-ViMGA
008 241108s9999||||xx |||||||||||||| ||und||
020 _a9586017532
040 _aCO-ViMGA
_bspa
_erda
_cCO-ViMGA
041 0 _aspa
082 0 4 _a330.986 A48v
100 1 _aHernando Agudelo Villa
_947854
245 1 0 _aLa vuelta del péndulo:
_bEl colapso del modelo neoliberal en Colombia
264 1 _aBogotá, Colombia : Tercer Mundo, 1998
300 _avolumen
336 _atext
_btxt
_2rdacontent
337 _aunmediated
_bn
_2rdamedia
338 _avolume
_bnc
_2rdacarrier
940 _aidficha_siabuc: 2546. -- ficha_no_siabuc:2603
999 _c42469
_d42469